LEADER 01186nam a22002291i 4500 001 991002833649707536 005 20030808124733.0 008 030925s1985 it |||||||||||||||||ita 035 $ab12343614-39ule_inst 035 $aARCHE-039115$9ExL 040 $aBiblioteca Interfacoltà$bita$cA.t.i. Arché s.c.r.l. Pandora Sicilia s.r.l. 100 1 $aPerrone, Benigno Francesco$0157162 245 13$aLa rinascita del terz'ordine francescano nella Terra d'Otranto durante la fase post-risorgimentale negli scritti di P. Michele Semeraro da Massafra (1817-1885) /$cBenigno Francesco Vallone 260 $a[S.l. :$bs.n.],$c1985 300 $a1 v. ;$c25 cm 500 $aEstr. da: Archivio storico pugliese, a. 38, fasc. 1-4, gennaio-dicembre 1985 907 $a.b12343614$b02-04-14$c08-10-03 912 $a991002833649707536 945 $aLE002 Busta 102/13$g1$i2002000905024$lle002$o-$pE0.00$q-$rl$s- $t0$u0$v0$w0$x0$y.i1274668x$z08-10-03 996 $aRinascita del terz'ordine francescano nella Terra d'Otranto durante la fase post-risorgimentale negli scritti di P. Michele Semeraro da Massafra (1817-1885$9159038 997 $aUNISALENTO 998 $ale002$b08-10-03$cm$da $e-$fita$git $h3$i1